000 00215nam a2200097Ia 4500
008 220204s9999 xx 000 0 und d
082 _a82-3
_bCOR
100 _aCorelli, Marie
245 0 _aGod's good man
942 _cBK
999 _c29564
_d29564